The Voice France : tous les candidats - Statistiques

Statistiques générales
  • Ce quiz a été pris 279 fois
  • Le résultat moyen est 235 sur 1079
Statistiques - réponses
Saison Candidat(e) % Correct
K.
83%
Al Preston
81%
Lou Dassi
81%
Lou Mai
81%
Anne Sila
77%
Mary Ann
76%
Imane Mchangama
69%
Kendji Girac
69%
Lisa Mary
69%
Slimane Nebchi
69%
Carole-Anne
68%
Louis
66%
Louis Delort
66%
Louis Jelmini
66%
Julie
65%
Julie Erikssen
65%
Julie Fournier
65%
Julie Gonzalez
65%
Julie Menet
65%
Julie Moralles
65%
Julie Negroni
65%
Julie Rosburger
65%
Ana Ka
64%
Isa Koper
64%
Flo Matte
63%
Jean José
63%
Ana Carla
61%
Maëlle Pistoia
61%
Carla-Marie
60%
Julia Paul
60%
Marie
60%
Mister Mat
60%
Thana-Marie
60%
Adee Pi
59%
Flo
59%
Saison 1 (2012) | Saison all stars (2021) Flo Malley
59%
Jean Palau
59%
Marie Clauzel
59%
Marie Goudier
59%
Marie Payet
59%
Pierre Carta
59%
Pierre Danaë
59%
Saison 3 (2014) Pierre Edel
59%
Pierre G.
59%
Pierre Karson
59%
Pierre Locatelli
59%
Virginie Vetrano (Lisa Angell)
59%
Lisa Mistretta
58%
Luc Arbogast
58%
Jo Soul
57%
Lili Laville
57%
Louane
57%
Luc Laversanne
57%
Stéphan Rizon
57%
Ana Monteiro-Lopes
56%
Emma Durand
56%
Khady Ba
56%
Anik St-Pierre
55%
Emma Shaka
55%
Alexandra Lucci
54%
Lisa
54%
Nina Davi
54%
Oma Jali
54%
Paul
54%
Paul Ventimila
54%
Julien
53%
Whitney Marin
53%
Anto
52%
Camille Lellouche
52%
Camille
51%
Camille Esteban
51%
Camille Hardouin
51%
Camille Manique
51%
Gabriel Laurent
51%
Léa Tchéna
51%
Abi Bernadoth
50%
David Té
50%
Julien Mior Lambert
50%
Julien Reinhardt
50%
Léa
50%
Antoine Conde
49%
Antoine Galey
49%
Antoine Selman
49%
Clem
49%
Clem Chouteau
49%
Léo
49%
Léo Ristorto
49%
Lara Bou Abdo
48%
Mano
48%
Mel Sugar
48%
Florent Marchand
47%
Florent Torres
47%
Laura
47%
Laura Chab'
47%
Laura Llorens
47%
Laura Parrado
47%
Maax
47%
Max Blues Bird
47%
Max Livio
47%
Max Novik
47%
Sarah Jad
47%
Alex Adam
46%
Louise
46%
Louise Combier
46%
Louise Mambell
46%
Remy Jay
46%
Éric Jetner
45%
Lise Darly
45%
Quentin Bruno
45%
Valentin Fabien
45%
Alex
44%
Alex Ohen
44%
Amir Haddad
44%
Antho
44%
Clément
44%
Clément Albertini
44%
Clément Verzi
44%
David Thibault
44%
Jérémy
44%
Jérémy Bertini
44%
Jérémy Charvet
44%
Jérémy Ichou
44%
Jérémy Levif
44%
Laure Azoulay
44%
Laure Préchac
44%
Lilian Renaud
44%
Caroline Rose
43%
Doryan Ben
43%
Élodie Ji
43%
Gabriel
43%
Laure
43%
Lisandro Cuxi
43%
Marie-Ève Laure
43%
Rachel Claudio
43%
Théo Road
43%
Tom
43%
Tom Lowe
43%
Tom Rochet
43%
Tom Ross
43%
Anthony Touma
42%
Ben
42%
Jua Amir
42%
MB14
42%
Quentin Malo
42%
Clara Polaire
41%
David Dax
41%
David James Murphy
41%
David Lempell
41%
David Lesage
41%
Fréro Delavega
41%
Julia Cinna
41%
Karla
41%
Lucie Vagenheim
41%
Manon
41%
Manon Cruz
41%
Manon Palmer
41%
Manon Trinquier
41%
Maxime
41%
Maxime Cassady
41%
Maximilien Philippe
41%
Nico Sarro
41%
Nour Brousse
41%
Olympe
41%
Olympe Assohoto
41%
Sean
41%
Shaun
41%
Aude Henneville
40%
Aurel
40%
Caroline Costa
40%
Chris Keller
40%
Claudio Capéo
40%
Liv Del Estal
40%
Nicola Cavallaro
40%
Quentin
40%
Quentin Nicodémi
40%
Sarah Bessie
40%
Sarah Bismuth
40%
Sarah Caillibot
40%
Sarah Schwab
40%
Théo
40%
Caroline Savoie
39%
Marc Hatem
39%
Maria Cuche
39%
Rich Ly
39%
Thomas
39%
Thomas Dubin
39%
Thomas Kahn
39%
Thomas Larose
39%
Thomas Mignot
39%
Thomas Vaccari
39%
Abel Marta
38%
Alexandre Balland
38%
Alexandre Carcelen
38%
Alexandre Chassagnac
38%
Alexandre Sookia
38%
Anne-Sophie
38%
Charles Daumer
38%
Charles Kaylan
38%
Juliette
38%
Juliette Moisan
38%
Juliette Moraine
38%
Mentissa Aziza
38%
| Saison 12 (2023) Valentin
38%
Valentin Stuff
38%
Vincent Richardson
38%
Vincent Tournoud
38%
Vincent Vella
38%
Vincent Vinel
38%
Aurélien Vivos
37%
Charles
37%
Jules Couturier
37%
Jules Teinturier
37%
Léna Maire
37%
Léna Woods
37%
Lola
37%
Lola Baï
37%
Luca
37%
Maria
37%
Stéphanie Bédard
37%
Stéphanie Lamia
37%
Aurélien
36%
Chloé
36%
Dan Goodbar
36%
Dominique Magloire
36%
Jessie Will
36%
Lina Lamara
36%
Nicolas
36%
Nicolas Beckers
36%
Nicolas Motet
36%
Patricia Samuel
36%
Sophie Delmas
36%
Sophie Tapie
36%
Zoé
36%
Zoé Donnay
36%
Zoé Mansion
36%
Baptiste Defromont
35%
Christophe Berthier
35%
Marine
35%
Awa Sy
34%
Élodie Balestra
34%
Élodie Costa
34%
Élodie Juliani
34%
Élodie Martelet
34%
Pauline Nagy
34%
Axel Adou
33%
Axel Hirsoux
33%
Charlie
33%
Élise Allasia
33%
Élise Mélinand
33%
Emmanuel Djob
33%
Emmanuel Obré
33%
Micha
33%
Pauline
33%
Romain
33%
Sam
33%
Will Barber
33%
Alexandra de Blasi
32%
Al.Hy
32%
Ange Fandoh
32%
Axel
32%
Cécilia Pascal
32%
Charlie Loiselier
32%
Élise
32%
François Lachance
32%
François Micheletto
32%
Frédéric Longbois
32%
Lucas Algeo
32%
Marina Battista
32%
Sol
32%
Xavier Polycarpe
32%
Yoann Dejean
32%
Yoann Fréget
32%
Yoann Guay
32%
Yoann Launay
32%
Benjamin
31%
Benjamin Bocconi
31%
Benjamin Szwarc
31%
Greg Harrison
31%
Greg Ingrao
31%
Hélène Siau
31%
Loïs Silvin
31%
Loïs Vacchetta
31%
Raph Payet
31%
Romain Dos Santos
31%
Romain Mackenzie
31%
Romain Regnier
31%
Alice
30%
Alice Nguyen
30%
Ambre Brisset
30%
Arthur Bing
30%
Arthur Chaminade
30%
Audrey
30%
Audrey Joumas
30%
Claire
30%
Claire Gautier
30%
Claire Litvine
30%
Florian Carli
30%
Florian Veneziano
30%
Ginie Line
30%
Hiba Tawaji
30%
Justine L'Samra
30%
Louisa Rose
30%
Marghe Davico
30%
Matthieu Baronne
30%
Mister John Lewis
30%
Philippe Tailleferd
30%
Sandra Brandon
30%
Céline
29%
Céline Caddéo
29%
Claude Schuh
29%
Mathilde
29%
Olivier Kaye
29%
Ugo Cicoletta
29%
Victoria Adamo
29%
Victoria Petrosillo
29%
Clémentine
28%
Damien Schmitt
28%
Kévin Yven
28%
Raphaël Perez
28%
Adrien Abelli
27%
Adrien Fruit
27%
Alexis Roussiaux
27%
Anton
27%
Clémence Saint-Preux
27%
Damien Pisano
27%
Damien Trautmann
27%
Daniel Defilipi
27%
Émilie
27%
Fabian
27%
Fabien
27%
Fabien Cicoletta
27%
Fabien Cornelius
27%
Fabien Incardona
27%
Joseph
27%
Marina
27%
Marina D'Amico
27%
Mary Milton
27%
Noémie Garcia
27%
Paul-Alexis
27%
Po & Marina
27%
Sofia Landgren
27%
Sofia Mountassir
27%
Adrien
26%
Émilie Burget
26%
Émilie Duval
26%
Father to Son
26%
Florence Coste
26%
Guillaume
26%
Guillaume Etheve
26%
Jacques Rivet
26%
Jim Bauer
26%
Lily Berry
26%
Lily Jung
26%
Nick Mallen
26%
Roman Gaume
26%
Sonia Lacen
26%
Saison 11 (2022) Sonia Quesada
26%
Sonia Roussey
26%
Terence James
26%
Valentine
26%
Aline Lahoud
25%
Azania Noah
25%
Charlotte
25%
Charlotte Elizabeth
25%
Fanny Beaumont
25%
Fanny Leeb
25%
Fanny Mélili
25%
Fanny Mendès
25%
Florence
25%
Arcadian
24%
Kevin Davy White
24%
Kevin Dozot
24%
Kevin Prone
24%
Louna
24%
Michel Mercer
24%
Samuel M
24%
Samuel Nagy
24%
Valérie Daure
24%
Valérie Delgado
24%
William
24%
Bruno Moreno
23%
Cécile Citadelle
23%
Clarisse Mây
23%
Elio
23%
Emmanuelle N'Zuzi
23%
Enzo Hulin
23%
Enzo S
23%
Gabriella Laberge
23%
Jade
23%
Jérémie Clamme Jonaldes
23%
Kelly
23%
Kelly Gautier
23%
Ludysoa & Nathan
23%
Luna Ginestet
23%
Luna Gritt
23%
Mélissa Bon
23%
Michaël Bucquet
23%
Michaël Lelong
23%
Mickaël Pouvin
23%
Morgan
23%
Morgan Auger
23%
Raf
23%
Ryan Kennedy
23%
Sidoine
23%
Amandine Rapin
22%
Hadrien Collin
22%
Jessica
22%
Jessica Plesel
22%
Mattéo
22%
Célia
21%
Claudia Costa
21%
Kim Park
21%
Maeva Méline
21%
Morgane
21%
Simon
21%
Simon Morin
21%
Agathe Denoirjean
20%
Amélie Piovoso
20%
Andréa Durand
20%
Corentin Callonec
20%
Dréa Dury
20%
Gustine
20%
La Rafa Mia
20%
Mélissa Maugran
20%
Sacha Perez
20%
Sacha Puzos
20%
Sacha Tran
20%
Tony Bredelet
20%
Virginie
20%
Virginie Schaeffer
20%
Yohan
20%
Agathe
19%
Amalya
19%
Amalya Delepierre
19%
Capucine
19%
Claudia
19%
Elsa Roses
19%
Estelle
19%
Estelle Mazzillo
19%
Estelle Micheau
19%
Hanna
19%
Jérôme
19%
Jérôme Cioni
19%
Jérôme Sebag
19%
Jérôme Toussaint
19%
Jonathan Dijoux
19%
Loris
19%
Loris Triolo
19%
Lummen Nae
19%
Margau
19%
Matteo El Khodr
19%
Patrice Carmona
19%
Timothée
19%
Xam Hurricane
19%
Carine Robert
18%
Emmy Liyana
18%
Fabienne Della-Moniqua
18%
Gaëlle Birgin
18%
Laetitia Sole
18%
Laurie
18%
Léona Winter
18%
Maxence
18%
Nina
18%
Sandrine Allary
18%
Tamara Weber-Fillion
18%
Yannick
18%
Alban Bartoli
17%
Axelle
17%
B. Demi-Mondaine
17%
Candice Parise
17%
Côme
17%
Cyprien Zeni
17%
Dame
17%
Fanchon
17%
Léonie
17%
Liv
17%
Maëva Di Marino
17%
Marianne Aya Omac
17%
Philippine
17%
Philippine Zadéo
17%
Pia Salvia
17%
Pia Studlé
17%
Robin
17%
Robin Baron
17%
Robin Peret
17%
The Vivi
17%
Yannick Schlesser
17%
Arnaud Belmudes
16%
Arnaud Delsaux
16%
Atef Sedkaoui
16%
Delphine Mailland
16%
Diana Espir
16%
Édouard Édouard
16%
Gilles San Juan
16%
Gjon’s Tears
16%
Ludivine Aubourg
16%
Marcos Adam
16%
Tristan
16%
Alexia
15%
Alexia Rabé
15%
Aurore Crevelier
15%
Aurore Delplace
15%
Charline
15%
Coline
15%
Jordan
15%
Leelou Garms
15%
Madeleine Leaper
15%
Marlène Schaff
15%
Marlène Soler
15%
Nade Shadow
15%
Nathalia
15%
Niki Black
15%
Spleen
15%
Vike
15%
Yasmine
15%
Yasmine Ammari
15%
Angélina Wismes
14%
Arslane
14%
Ava Baya
14%
Battista Acquaviva
14%
Cloé
14%
Corinne
14%
Ecco
14%
Francè
14%
Giulia Falcone
14%
Gjon's Tears
14%
Henry
14%
Jessy
14%
Jimmy Oedin
14%
Johanna Serrano
14%
Julian Deleria
14%
Leïla Huissoud
14%
Linda Lee Hopkins
14%
Saison 6 (2017) Marius
14%
Marvin Dupré
14%
Marvin Roth
14%
Maureen Angot
14%
Maureen Doucet
14%
Megane Lebel
14%
Natacha
14%
Natacha Andreani
14%
Ninon
14%
Nuno Resende
14%
Raffi Arto
14%
Rubby
14%
Wesley
14%
Albi
13%
Angelo
13%
Angelo Mougin
13%
Angelo Powers
13%
Gaben
13%
Gulaan
13%
Gwendal Marimoutou
13%
Léonard
13%
Linda
13%
Maag
13%
Margaux
13%
Margaux Joubert
13%
Maryline Naaman
13%
Mélody
13%
Nochka
13%
Rébecca
13%
Anahy
12%
Annabelle
12%
Antony Trice
12%
Arezki
12%
Blandine Aggery
12%
Casanova
12%
Guilhem Valayé
12%
JAT
12%
Jessie K
12%
Jimmy Véa
12%
Kiona
12%
Mea
12%
Mélodie Delabarre
12%
Mélodie Pastor
12%
Mood
12%
Ogee
12%
Paul'O
12%
Samira Brahmia
12%
Tarik
12%
Yvette
12%
Benaël
11%
Bryan Tournié
11%
Cédric
11%
Dièse
11%
Even
11%
Geoffrey
11%
Igit
11%
JJ
11%
Jude Todd
11%
June Milo
11%
Kareen Antonn
11%
Kilian
11%
Lukas K. Abdul
11%
Lyn
11%
Matthias Piaux
11%
Maurice
11%
Mennel Ibtissem
11%
Ophélie Tosoni
11%
Rita Kassid
11%
Sweet Jane
11%
Tania
11%
Thibaud Maillefer
11%
Agnès
10%
Basile
10%
Betty Patural
10%
Bey
10%
Elliott Schmitt
10%
Esmé
10%
Hervé Domingue
10%
Jade Nahomy Bey
10%
La Petite Shade
10%
Los Malunos
10%
Mauranne
10%
Monstre
10%
Nehuda
10%
Roméo
10%
Sharon Laloum
10%
Solen Shawen
10%
Stacey King
10%
Stefan Gillis
10%
Théophile Renier
10%
The Sugazz
10%
Tommy
10%
Twins Phoenix
10%
Vigon
10%
Yohann
10%
Abdel
9%
Akram Sedkaoui
9%
Annamaria
9%
Aubin Talbi
9%
Aurelle
9%
Ayme
9%
Saison 9 (2020) Baby J
9%
Coco
9%
Dalia Chih
9%
Dilomé
9%
Elvya Gary
9%
Saison 8 (2019) Gage
9%
Gautier
9%
Gérôme Gallo
9%
Hannah Featherstone
9%
Ivann P
9%
Kriill
9%
Liana
9%
Maliya Jackson
9%
Néo
9%
Paloma Pradal
9%
Roxane Taquet
9%
Sherley
9%
Sherley Paredes
9%
Sofiane
9%
Tiphaine
9%
Tiphaine SG
9%
Tirso Rafael
9%
Ursula
9%
Yann'sine Jebli
9%
Youness
9%
Zacharie Dolce
9%
Abram
8%
Adrian Byron Burns
8%
Aimée
8%
Brenda Cardullo
8%
Clacky
8%
Dana
8%
Diêm
8%
Doya
8%
Incantèsimu
8%
Kaël
8%
Karima Diamane
8%
Kay
8%
Saison 5 (2016) Lucyl Cruz
8%
Mirella Toussaint
8%
Nadja
8%
Nataly Vetrano
8%
Nicoline
8%
Nög
8%
Nyco Lilliu
8%
Rayan
8%
Shaby
8%
Stephen di Tordo
8%
Tayane
8%
Toni
8%
Ubaré
8%
Youssef Zaki
8%
Aïsha
7%
Akim Ghardane
7%
Andreea
7%
Ann-Shirley Ngoussa
7%
Antso
7%
Awan
7%
Billy Boguard
7%
Cécyle
7%
Cerise Calixte
7%
Cylia
7%
Edu del Prado
7%
Esther Galil
7%
Francesca Rodriguez
7%
Godi
7%
Hobbs
7%
Jhony Maalhouf
7%
Jody Jody
7%
June
7%
Kads
7%
Kuku
7%
Laureen
7%
London Loko
7%
Luciano Cadô
7%
Maxyme Bouchard
7%
Mayeul
7%
Mylène
7%
Mylène Angels
7%
Naomie
7%
Nell
7%
Ofé
7%
Poupie
7%
Prichia
7%
Romy
7%
Supernova
7%
Vanina Pietri
7%
Ylazia
7%
Aiden
6%
Alya
6%
Amaury Trouvé
6%
Araz Taman
6%
Azza Kamaria
6%
Camelione
6%
Cassidy Cruiks
6%
Chérine
6%
Cheyenne Janas
6%
Derya Yıldırım
6%
Devi
6%
Edgar Claudel
6%
Fayz Elbo
6%
Gianni Bee
6%
Grannhild
6%
Haylen Namvarazad
6%
Hi Levelz
6%
Illa
6%
Karolyn
6%
Kris Marko
6%
Laurent-Pierre Lecordier
6%
Saison 4 (2015) Law'
6%
Léah Bicep
6%
Léman
6%
Lica De Guzman
6%
Lioan
6%
Liza
6%
Loup
6%
Ludmilla
6%
Maestrina
6%
Malicia
6%
Nikol
6%
Pearl
6%
Ry'm
6%
Sandy Coops
6%
Scam Talk
6%
Silda
6%
Stéfania Rizou
6%
Stellia Koumba
6%
Sydney Ferrier
6%
Syrine
6%
Zélie
6%
3nity Brothers
5%
Akasha
5%
Alvy Zamé
5%
Ambriel
5%
Anaïd B.
5%
Andrew
5%
Angie Robba
5%
Angy
5%
Antoine Delie
5%
Apie
5%
Assia
5%
Ayelya
5%
Ayrton Paris
5%
Bruce Johnson
5%
Bulle
5%
Canta Diva
5%
Chiara
5%
Colour of Rice
5%
Dalila
5%
DeLaurentis
5%
Douchka Esposito
5%
Esmée Smit
5%
Eugénie O'Mey
5%
Fanswa
5%
Fergessen
5%
Giada
5%
Giuliana Danze
5%
Guylaine
5%
Hailé
5%
Ifè
5%
Ilona
5%
Ilowna Basselier
5%
Ilycia
5%
Isilde
5%
Jacynthe Véronneau
5%
Jeck
5%
Jessanna Nemitz
5%
Jessie Lee Houllier
5%
Johnathan Urek
5%
Joséphina
5%
Joy Jador
5%
Julien & Pauline Thisse
5%
Keekee
5%
Ketlyn
5%
Kora Jamson
5%
Lidia Isac
5%
Lilya
5%
Lleeroy
5%
Lorrah Cortesi
5%
Louyena
5%
Lydia
5%
Madeline Baltus
5%
Maggy
5%
M'aile
5%
Makja
5%
Mamido
5%
Manne
5%
Manoah
5%
Manurey
5%
Marouen
5%
Matskat
5%
Milena
5%
Mina
5%
Najwa
5%
Natalie Nova
5%
Nayo
5%
Neeskens
5%
Nori
5%
Norig
5%
Nungan
5%
Otta
5%
Petit Green
5%
Petru
5%
Pompom Pidou
5%
Pottok on the Sofa
5%
Queen Clairie
5%
Raimana Bareille
5%
Ralf Hartmann
5%
Rania Kameche
5%
Réphaël Logan
5%
Robinne Berry
5%
Santo Barracato
5%
Séri
5%
Saison 7 (2018) Solia
5%
Stella
5%
Suny
5%
Sweem
5%
Vaëlle
5%
Vay
5%
Véronick Sevère
5%
Virgil
5%
Saison 10 (2021) Wahil
5%
Zine Yaala
5%
Aliénor
4%
Alliel
4%
Anela
4%
Beehann
4%
Clyde Rabatel-Zapata
4%
Clyde Reinhart
4%
Domitille
4%
Don-Pierre Maestracci
4%
Eloïsha
4%
Fonetyk et Dama
4%
Hakob Ghasabian
4%
Haze
4%
Ina-Ich
4%
Isadora
4%
Jada
4%
Jaja
4%
Jay Spring
4%
Kap's
4%
Keyla
4%
Kristel Adams
4%
Leho
4%
Lord Bitume
4%
Lorenza
4%
Luigiano
4%
Mareva Poaty
4%
Margie
4%
Mariana Tootsie
4%
Matthew
4%
Milan C
4%
Nabila Mekkid
4%
Nicolay Sanson
4%
Olly Corpe
4%
Ophée
4%
Orian
4%
Owlite
4%
Rénata
4%
R'nold
4%
Samson Nobou
4%
Shadoh
4%
Silvio Ilardo
4%
Soraya Chbar
4%
Terry
4%
Tifayne
4%
Trudy Simoneau
4%
Saison 2 (2013) Tyssa
4%
Velours
4%
Vérushka
4%
Ziia
4%
Alcidia Accao Farias
3%
Alhan
3%
Calema
3%
Djeneva
3%
Duchelle
3%
Elinor Morel
3%
Enrico
3%
Enrico Marcorina
3%
Eolya
3%
Indigo
3%
Ismail
3%
Jean-Toussaint
3%
Joakim
3%
Jorge Sabelico
3%
Joss Bari
3%
Julianna
3%
Kissamilé
3%
Leticia Carvalho
3%
Lou Lou White
3%
Malaïka Lacy
3%
Melba
3%
Meltweens
3%
Meryem
3%
Mickaëlle
3%
Mieko Miyazaki
3%
Nessa
3%
Nyr
3%
Patrizia Grillo
3%
Rany Boechat
3%
Ritchy
3%
Ryadh
3%
Sally Faye
3%
Tectum
3%
Teiva
3%
Amane Grey
2%
Ddöve
2%
Gemma
2%
Justy
2%
Jÿpe
2%
Kentin
2%
Kiara Jones
2%
Kiumars
2%
Latchmy
2%
Leyx
2%
Lighter
2%
Mariaa Siga
2%
Mariella Savvides
2%
Maseko
2%
Miranda Eilo
2%
Natan
2%
Neya Stone
2%
Papa drag
2%
Prisca
2%
Red
2%
Rhéa
2%
Romatica Duminica
2%
Sam Tallet
2%
Sandraline
2%
Schola Fratrum
2%
Suzy R
2%
Thays
2%
Yéshé
2%
Adelice Bijotat
1%
Aïlack
1%
Äko
1%
Alejandro Reyes
1%
Alexia Mornet
1%
Atlas
1%
Carlton
1%
Cleofa
1%
Clyv
1%
Hédi
1%
Jessandwest
1%
Julya
1%
J-Way
1%
Kenzy
1%
Krego
1%
Laurena
1%
Leela
1%
Lomany Mauligalo
1%
Loopstick
1%
Ludwig Nestor
1%
Margaryta
1%
Marias
1%
Metodi
1%
Nayah
1%
Neena
1%
Orenda
1%
Osiris
1%
Rodrigo Ace
1%
Saint Gervais
1%
Sawadee
1%
Selia
1%
Tenortonik
1%
Tom Almodar
1%
uRYa
1%
Weelye
1%
Winael
1%
Aucun quiz correspondant
Distribution des résultats
% des personnes avec chaque résultat
Percentile par nombre de réponses
Votre historique - résultats
Vous n’avez pas pris ce quiz